Rizika podnikání /

Guardado en:
Detalles Bibliográficos
Autores principales: Chevalier, Alain (Autor), Hirsch, Georges (Autor)
Formato: Libro
Lenguaje:checo
Publicado: Praha : Victoria Publishing, a.s, 1994
Materias:
Etiquetas: Agregar Etiqueta
Sin Etiquetas, Sea el primero en etiquetar este registro!

MARC

LEADER 00000nam a22000003a 4500
001 stu31884
005 20150617225732.2
008 941213s1994----cs------------------cze-d
020 |a 80-85865-05-X 
040 |a STU  |b slo 
041 0 |a cze 
044 |a cs 
080 |a 658 
100 1 |a Chevalier, Alain  |4 aut 
245 1 |a Rizika podnikání /  |c [aut.] Chevalier,Alain; Hirsch,Georges 
260 |a Praha :  |b Victoria Publishing, a.s,  |c 1994 
300 |a 137s 
650 7 |a podnikanie  |2 stusub 
700 1 |a Hirsch, Georges  |4 aut 
996 |b 284J016880  |c J*91037  |l JJSK  |s A  |a 24  |w stu31884_0001